000 00817nam a2200265 i 4500
003 OSt
005 20240704125703.0
008 240704t20102010io a f 000 0 ind d
020 _a9789792769357
_qpaperback
040 _aPPAK
_beng
_cPPAK
_erda
082 0 4 _223
_a915.9304
090 0 0 _a915.9304
_bPON
_dKZR
100 1 _aPongsitanan, Stella,
_eauthor.
245 1 0 _athailand /
_cStella Pongsitanan
264 1 _aJakarta :
_bPT Elex Media Komputindo,
_c2010
264 4 _c©2010
300 _a64 pages :
_billustrations (some color) ;
_c23 cm
336 _atext
_2rdacontent
337 _aunmediated
_2rdamedia
338 _avolume
_2rdacarrier
490 1 _aSeri Wisata Asean
651 0 _aThailand
_vDescription and travel
_xGuidebooks
830 _aSeri Wisata Asean
942 _2ddc
_cB
999 _c196172
_d196172